000 00527nam a2200181Ia 4500
008 090124s9999 xx 000 0 und d
082 _b17995
100 _aवैष्णव भावना
245 _a गीतांजली
250 _a1
260 _bपरिमल प्रकाशन
_c1983
300 _a84
600 _aवैष्णव भावना
630 _a गीतांजली
700 _aवैष्णव भावना
730 _a गीतांजली
942 _cBOOK
999 _c89178
_d89178